[Event "VIII Festival A"]
[Site "Montecatini Terme ITA"]
[Date "1999.07.31"]
[Round "1"]
[White "Lputian, Smbat G."]
[Black "Collutiis, Duilio"]
[Result "1-0"]
[WhiteElo "2625"]
[BlackElo "2200"]
[PlyCount "81"]
[EventDate "1999.07.31"]

1.d4 Nf6 2.c4 e6 3.Nf3 Bb4+ 4.Nbd2 d5 5.g3 O-O 6.Bg2 b6 7.cxd5 exd5 8.O-O 
Bb7 9.Ne5 Bd6 10.Ndc4 Be7 11.Bg5 c6 12.Ne3 h6 13.Bxf6 Bxf6 14.f4 Nd7 15.
Rc1 Nxe5 16.dxe5 Be7 17.Qd2 a5 18.Kh1 Re8 19.Nf5 Bb4 20.Qc2 Bf8 21.Rfd1 f6
22.Nd4 c5 23.Nb5 Qd7 24.Qb3 Rad8 25.Nc3 fxe5 26.Nxd5 Bxd5 27.Rxd5 Qf7 28.
Rcd1 Rb8 29.fxe5 Kh8 30.Be4 Re7 31.Qf3 Kg8 32.Qg4 Kh8 33.Kg2 Qe6 34.Bf5 
Qc6 35.e4 Qe8 36.e6 g5 37.h4 Rg7 38.hxg5 Rxg5 39.Qf4 Ra8 40.Rd7 Qh5 41.g4 
1-0

[Event "VIII Festival A"]
[Site "Montecatini Terme ITA"]
[Date "1999.07.31"]
[Round "1"]
[White "Mambrini, Augusto"]
[Black "Horvath, Jozsef"]
[Result "0-1"]
[WhiteElo "2192"]
[BlackElo "2526"]
[PlyCount "59"]
[EventDate "1999.07.31"]

1.d4 Nf6 2.Nf3 c5 3.d5 b5 4.a4 b4 5.c4 g6 6.Nbd2 Bg7 7.e4 d6 8.Bd3 O-O 9.
O-O e5 10.Re1 a5 11.b3 Nh5 12.Ra2 f5 13.Nb1 fxe4 14.Bxe4 Nf4 15.Bxf4 Rxf4 
16.Nbd2 Ra7 17.Nf1 Bh6 18.Qd3 Raf7 19.Ne3 Nd7 20.Bxg6 Rxf3 21.Bxf7+ Rxf7 
22.Nf5 Bf8 23.Rae2 Qg5 24.Ng3 Nf6 25.Ne4 Nxe4 26.Qxe4 Bh6 27.Qd3 Bg4 28.
Ra2 Bf3 29.g3 e4 30.Rxe4 0-1

[Event "VIII Festival A"]
[Site "Montecatini Terme ITA"]
[Date "1999.07.31"]
[Round "1"]
[White "Manca, Federico"]
[Black "Piva, Giorgio"]
[Result "1-0"]
[WhiteElo "2373"]
[BlackElo "2115"]
[PlyCount "59"]
[EventDate "1999.07.31"]

1.e4 c5 2.c3 Nf6 3.e5 Nd5 4.d4 cxd4 5.Nf3 e6 6.cxd4 b6 7.Nc3 Nxc3 8.bxc3 
Qc7 9.Bd2 d6 10.Bd3 Nd7 11.O-O dxe5 12.Re1 Bd6 13.dxe5 Bc5 14.Nd4 Bb7 15.
Bf4 a6 16.Qe2 g6 17.Rad1 Be7 18.Qe3 Nc5 19.Bc2 O-O 20.Qg3 Rfd8 21.h4 Bf8 
22.h5 Bd5 23.Re3 Bxa2 24.Rde1 Ra7 25.Qg4 Bg7 26.Rh3 Rd5 27.Ree3 Bxe5 28.
hxg6 fxg6 29.Bxe5 Rxe5 30.Bxg6 1-0

[Event "VIII Festival A"]
[Site "Montecatini Terme ITA"]
[Date "1999.07.31"]
[Round "1"]
[White "Mantovani, Renzo"]
[Black "Ciotoli, Patrizio"]
[Result "1-0"]
[WhiteElo "2419"]
[BlackElo "2142"]
[PlyCount "69"]
[EventDate "1999.07.31"]

1.e4 d5 2.exd5 Qxd5 3.d4 e5 4.dxe5 Qxe5+ 5.Be2 Bg4 6.Nd2 Bxe2 7.Nxe2 Nc6 
8.Nf3 Qd6 9.Bf4 Qxd1+ 10.Rxd1 Bb4+ 11.c3 Ba5 12.O-O Nf6 13.Ne5 O-O 14.Nxc6
bxc6 15.Nd4 c5 16.Nb3 Bb6 17.c4 Rfe8 18.a4 Re4 19.Bd2 a5 20.Rc1 Rd8 21.f3 
Re2 22.Rfd1 Ne8 23.Kf1 Re6 24.Bxa5 Rxd1+ 25.Rxd1 Bxa5 26.Nxa5 Ra6 27.Nb7 
Rxa4 28.b3 Rb4 29.Nxc5 Nd6 30.Na6 Rxb3 31.c5 Ne8 32.Nxc7 Rb8 33.Nxe8 Rxe8 
34.c6 Kf8 35.c7 1-0

[Event "VIII Festival A"]
[Site "Montecatini Terme ITA"]
[Date "1999.07.31"]
[Round "1"]
[White "Naumkin, Igor"]
[Black "Wagman, Stuart"]
[Result "1-0"]
[WhiteElo "2489"]
[BlackElo "2169"]
[PlyCount "49"]
[EventDate "1999.07.31"]

1.d4 d5 2.c4 dxc4 3.Nf3 Nf6 4.e3 e6 5.Bxc4 c5 6.O-O a6 7.a4 Nc6 8.Qe2 cxd4
9.Rd1 Be7 10.exd4 O-O 11.Nc3 Re8 12.Bd3 Nb4 13.Bb1 b6 14.Ne5 Bb7 15.Bg5 
Rc8 16.Bxf6 Bxf6 17.Bxh7+ Kf8 18.Be4 Bd5 19.Qh5 g6 20.Qh6+ Bg7 21.Qf4 Bxe5
22.dxe5 Rc4 23.Qh6+ Kg8 24.Ra3 Qc7 25.Bxg6 1-0

[Event "VIII Festival A"]
[Site "Montecatini Terme ITA"]
[Date "1999.07.31"]
[Round "1"]
[White "Scalcione, Michelangelo"]
[Black "Farago, Ivan"]
[Result "0-1"]
[WhiteElo "2177"]
[BlackElo "2512"]
[PlyCount "80"]
[EventDate "1999.07.31"]

1.Nf3 Nf6 2.c4 c5 3.Nc3 Nc6 4.d4 cxd4 5.Nxd4 Qb6 6.e3 g6 7.Be2 Bg7 8.O-O 
O-O 9.b3 d6 10.Bb2 Bd7 11.Rc1 a6 12.Na4 Qa5 13.Bc3 Qc7 14.Nxc6 Bxc6 15.Bf3
Bxa4 16.Bxf6 Bxb3 17.Qxb3 Bxf6 18.Qxb7 Qa5 19.Qxa8 Rxa8 20.Bxa8 Qxa2 21.c5
dxc5 22.Rxc5 a5 23.Bc6 a4 24.Bxa4 Qxa4 25.Rc8+ Kg7 26.Rcc1 h5 27.Rcd1 Qe4 
28.Rb1 h4 29.h3 Be5 30.Rb3 Bd6 31.Rb6 Qe5 32.Rxd6 Qxd6 33.Re1 f5 34.Rf1 
Qd2 35.Ra1 g5 36.Kf1 g4 37.Re1 Kf6 38.e4 g3 39.fxg3 hxg3 40.Re2 Qf4+ 0-1

[Event "VIII Festival A"]
[Site "Montecatini Terme ITA"]
[Date "1999.07.31"]
[Round "1"]
[White "Solozhenkin, Evgeniy"]
[Black "Lantini, Marco"]
[Result "1-0"]
[WhiteElo "2544"]
[BlackElo "2193"]
[PlyCount "81"]
[EventDate "1999.07.31"]

1.d4 Nf6 2.c4 e6 3.Nf3 b6 4.Nc3 Bb4 5.Bg5 Bb7 6.e3 h6 7.Bh4 Bxc3+ 8.bxc3 
d6 9.Nd2 Nbd7 10.f3 Nf8 11.Bd3 g5 12.Bf2 Rg8 13.a4 a5 14.Qe2 Ng6 15.h4 
Nxh4 16.Bxh4 gxh4 17.Rxh4 Nd5 18.Rh5 Nxc3 19.Qf2 Qd7 20.Bc2 Bc6 21.Ra3 
Nxa4 22.d5 exd5 23.cxd5 Bb5 24.Ne4 Rg6 25.Qh4 Nc5 26.Nxc5 dxc5 27.Re5+ Kf8
28.Bxg6 fxg6 29.Qxh6+ Qg7 30.Qxg7+ Kxg7 31.Re7+ Kf6 32.Rxc7 Ke5 33.Rb7 
Kxd5 34.Rxb6 Kc4 35.Ra1 Be8 36.Rc1+ Kd5 37.e4+ Kd4 38.Rd6+ Ke3 39.Rc3+ Kf4
40.Kf2 Rb8 41.g3+ 1-0

[Event "VIII Festival A"]
[Site "Montecatini Terme ITA"]
[Date "1999.07.31"]
[Round "1"]
[White "Spinelli, Doriano"]
[Black "Razuvaev, Yuri S."]
[Result "0-1"]
[WhiteElo "2196"]
[BlackElo "2559"]
[PlyCount "77"]
[EventDate "1999.07.31"]

1.e4 c5 2.Nf3 e6 3.d3 Nc6 4.g3 g6 5.Bg2 Bg7 6.O-O Nge7 7.c3 e5 8.Be3 d6 9.
d4 exd4 10.cxd4 Bg4 11.dxc5 dxc5 12.Nbd2 b6 13.Rb1 O-O 14.h3 Be6 15.a3 h6 
16.b3 Qd7 17.Kh2 Rad8 18.Qc1 Nd4 19.Re1 Kh7 20.Bxd4 cxd4 21.e5 Rc8 22.Qb2 
d3 23.Rbc1 Bf5 24.g4 Be6 25.Re4 Rxc1 26.Qxc1 Rc8 27.Qe1 Rc3 28.Rd4 Qc7 29.
Qe4 Nc6 30.Rxd3 Nxe5 31.Nxe5 Bxe5+ 32.Kg1 Rxd3 33.Qxd3 Qc1+ 34.Nf1 Qxa3 
35.Qe4 Bd6 36.Ng3 Qc1+ 37.Bf1 Bb4 38.Nh5 Qc3 39.Nf6+ 0-1

[Event "VIII Festival A"]
[Site "Montecatini Terme ITA"]
[Date "1999.07.31"]
[Round "1"]
[White "Vezzosi, Paolo"]
[Black "Buydts, Dirk"]
[Result "1-0"]
[WhiteElo "2329"]
[BlackElo "2089"]
[PlyCount "122"]
[EventDate "1999.07.31"]

1.d4 c5 2.d5 g6 3.c4 Bg7 4.e4 Qa5+ 5.Bd2 Qb6 6.Nc3 d6 7.Bd3 a6 8.Nge2 Nd7 
9.f4 Qxb2 10.Rb1 Qa3 11.O-O Qa5 12.e5 dxe5 13.d6 exd6 14.Nd5 Qd8 15.Qa4 
Kf8 16.Ba5 b6 17.Qc6 bxa5 18.Qxa8 Ngf6 19.fxe5 dxe5 20.Nec3 h6 21.Rbd1 Kg8
22.Bc2 Kh7 23.Ba4 Nxd5 24.Qxd5 Qg5 25.Bxd7 Qe3+ 26.Kh1 Qxc3 27.Rxf7 Rd8 
28.Qxc5 Rxd7 29.Rfxd7 Bxd7 30.Rxd7 Qc1+ 31.Qg1 Qxc4 32.Qb1 h5 33.h3 Kh6 
34.Rd1 Kh7 35.Qb3 Qe2 36.Rd7 Qf1+ 37.Kh2 Qf4+ 38.Qg3 Qf5 39.Rd5 Qe6 40.
Rxa5 e4 41.Qe3 Be5+ 42.Kh1 Bc7 43.Ra4 Qd6 44.Qg1 e3 45.Re4 Bb6 46.Qf1 Bc7 
47.Qg1 Bb6 48.Qe1 Bc7 49.g3 Bb6 50.Qf1 Qd5 51.Qf3 Qd7 52.g4 hxg4 53.hxg4 
Qc7 54.g5 Qc1+ 55.Kg2 Qd2+ 56.Kh3 Qd7+ 57.Qg4 Qf5 58.Re7+ Kg8 59.Qxf5 gxf5
60.Kg2 a5 61.Kf3 Kf8 1-0

[Event "VIII Festival A"]
[Site "Montecatini Terme ITA"]
[Date "1999.08.01"]
[Round "2"]
[White "Aleksic, Nenad"]
[Black "Gorelli Fagiolini, Marco"]
[Result "1-0"]
[WhiteElo "2421"]
[BlackElo "2206"]
[PlyCount "57"]
[EventDate "1999.07.31"]

1.e4 e6 2.Nf3 d5 3.Nc3 Nf6 4.e5 Nfd7 5.d4 c5 6.dxc5 Nc6 7.Bf4 Bxc5 8.Bd3 
a6 9.O-O Be7 10.Qd2 O-O 11.a3 Nc5 12.Rfe1 Nxd3 13.cxd3 Bd7 14.Ne2 Qb6 15.
Rab1 Rfc8 16.Ng3 Nd4 17.Qe3 Nxf3+ 18.Qxf3 g6 19.Bh6 Qd4 20.h3 Rc2 21.Nf1 
f5 22.exf6 Qxf6 23.Ne3 Rc6 24.Qe2 Bd6 25.Ng4 Qd4 26.Qf3 Rc7 27.Rbc1 Rxc1 
28.Rxc1 Be8 29.Rc7 1-0

[Event "VIII Festival A"]
[Site "Montecatini Terme ITA"]
[Date "1999.08.01"]
[Round "2"]
[White "Arlandi, Ennio"]
[Black "Castaldo, Folco"]
[Result "1-0"]
[WhiteElo "2465"]
[BlackElo "2225"]
[PlyCount "67"]
[EventDate "1999.07.31"]

1.d4 e6 2.c4 Nf6 3.Nc3 Bb4 4.Qc2 O-O 5.a3 Bxc3+ 6.Qxc3 b6 7.Bg5 Bb7 8.f3 
h6 9.Bh4 d5 10.e3 Nbd7 11.cxd5 Nxd5 12.Bxd8 Nxc3 13.Bh4 Nd5 14.Bf2 c5 15.
Bb5 N5f6 16.Ne2 a6 17.Ba4 Rfd8 18.O-O-O Rac8 19.Kb1 cxd4 20.Nxd4 Ne5 21.
Bc2 Nc4 22.e4 Nd7 23.Ka2 b5 24.b3 Nce5 25.Rd2 Ng6 26.Rhd1 Ndf8 27.Kb2 f6 
28.Bg3 Kf7 29.b4 Ne7 30.Bb3 Nc6 31.Nxe6 Nxe6 32.Rd7+ Kf8 33.Bxe6 Rxd7 34.
Rxd7 1-0

[Event "VIII Festival A"]
[Site "Montecatini Terme ITA"]
[Date "1999.08.01"]
[Round "2"]
[White "Astengo, Marcello"]
[Black "Manca, Federico"]
[Result "0-1"]
[WhiteElo "2017"]
[BlackElo "2373"]
[PlyCount "62"]
[EventDate "1999.07.31"]

1.d4 Nf6 2.c4 c5 3.d5 b5 4.cxb5 a6 5.bxa6 Bxa6 6.Nc3 g6 7.g3 d6 8.Bg2 Bg7 
9.Nh3 Nbd7 10.O-O O-O 11.Qc2 Qa5 12.Ng5 Rfb8 13.h3 Ra7 14.f4 Rab7 15.Kh2 
h6 16.Nf3 Nb6 17.Nh4 Nc4 18.Rb1 Nd7 19.Rf3 Rb4 20.g4 Nde5 21.fxe5 Bxe5+ 
22.Kh1 Na3 23.bxa3 Rxb1 24.Nxg6 Rxc1+ 25.Qxc1 fxg6 26.Qxh6 Bxc3 27.Qxg6+ 
Bg7 28.Rf7 Qc3 29.Rxe7 Qf6 30.Qe4 Rb1+ 31.Kh2 Qe5+ 0-1

[Event "VIII Festival A"]
[Site "Montecatini Terme ITA"]
[Date "1999.08.01"]
[Round "2"]
[White "Christensen, Thomas"]
[Black "Del Rio Angelis, Salvador Gabriel"]
[Result "0-1"]
[WhiteElo "2231"]
[BlackElo "2471"]
[PlyCount "100"]
[EventDate "1999.07.31"]

1.d4 Nf6 2.c4 g6 3.Nc3 Bg7 4.Nf3 O-O 5.Bg5 h6 6.Bh4 c5 7.e3 d6 8.Be2 cxd4 
9.exd4 Bf5 10.Qb3 Qd7 11.O-O g5 12.Bg3 Nh5 13.Rad1 Nxg3 14.hxg3 Nc6 15.d5 
Ne5 16.Nxe5 Bxe5 17.Bd3 Bxd3 18.Rxd3 Rac8 19.Nd1 Rc5 20.Ne3 b5 21.cxb5 
Qxb5 22.Qxb5 Rxb5 23.Ra3 a5 24.b3 f5 25.Nc4 Bc3 26.Rd1 h5 27.Rd3 Bb4 28.
Ra4 f4 29.gxf4 Rxf4 30.g3 Rf7 31.f3 Rf5 32.a3 Be1 33.Kf1 Bxg3 34.Rxa5 Rb8 
35.Kg2 h4 36.Ne3 Re5 37.Ra4 Rf8 38.Re4 Rxe4 39.fxe4 Rf4 40.Nf5 Rf2+ 41.Kh3
Be5 42.Kg4 Rg2+ 43.Kh5 Kf7 44.b4 e6 45.dxe6+ Kxe6 46.b5 d5 47.Nd4+ Bxd4 
48.Rxd4 h3 49.exd5+ Kd6 50.Rd1 h2 0-1

[Event "VIII Festival A"]
[Site "Montecatini Terme ITA"]
[Date "1999.08.01"]
[Round "2"]
[White "Corvi, Marco"]
[Black "Iordachescu, Viorel"]
[Result "0-1"]
[WhiteElo "2308"]
[BlackElo "2553"]
[PlyCount "68"]
[EventDate "1999.07.31"]

1.c4 Nf6 2.Nf3 g6 3.g3 Bg7 4.Bg2 O-O 5.O-O d6 6.Nc3 e5 7.d3 h6 8.Rb1 a5 9.
a3 Be6 10.Qc2 Nbd7 11.e4 c6 12.b4 axb4 13.axb4 d5 14.exd5 cxd5 15.cxd5 
Nxd5 16.Ng5 hxg5 17.Bxd5 Bxd5 18.Nxd5 g4 19.Qc4 e4 20.dxe4 Ne5 21.Qb3 Nf3+
22.Kg2 Re8 23.Rd1 Rxe4 24.Bb2 Bxb2 25.Qxb2 Re5 26.Ne3 Qc8 27.Rbc1 Qe6 28.
Qc3 Rh5 29.h4 Qe4 30.Kf1 Nxh4 31.gxh4 Qh1+ 32.Ke2 Qf3+ 33.Kd2 Qxf2+ 34.Kd3
Rd8+ 0-1

[Event "VIII Festival A"]
[Site "Montecatini Terme ITA"]
[Date "1999.08.01"]
[Round "2"]
[White "Dervishi, Erald"]
[Black "Bracaglia, Carlo"]
[Result "1-0"]
[WhiteElo "2496"]
[BlackElo "2134"]
[PlyCount "79"]
[EventDate "1999.07.31"]

1.e4 c5 2.Nf3 Nc6 3.d4 cxd4 4.Nxd4 Nf6 5.Nc3 e5 6.Ndb5 d6 7.Bg5 a6 8.Na3 
b5 9.Nd5 Be7 10.Bxf6 Bxf6 11.c3 O-O 12.Nc2 Bg5 13.a4 bxa4 14.Rxa4 a5 15.
Bc4 Kh8 16.O-O Rb8 17.b3 f5 18.exf5 Bxf5 19.Nce3 Bg6 20.Qe2 Bf4 21.Raa1 
Qg5 22.Bb5 Bh5 23.Qc4 Na7 24.Bd7 Rb7 25.Bh3 Rbf7 26.Rxa5 Bxe3 27.Nxe3 Rf4 
28.Qd3 Nc6 29.Ra4 Ne7 30.g3 Bf3 31.Bg2 Rxa4 32.bxa4 e4 33.Qxd6 Ng6 34.Rb1 
h5 35.Rb5 Qh6 36.Rb8 Rxb8 37.Qxb8+ Kh7 38.Bxf3 exf3 39.Qb7 Qg5 40.Qxf3 1-0

[Event "VIII Festival A"]
[Site "Montecatini Terme ITA"]
[Date "1999.08.01"]
[Round "2"]
[White "El Kher, Henrik"]
[Black "Komarov, Dimitri"]
[Result "0-1"]
[WhiteElo "2332"]
[BlackElo "2582"]
[PlyCount "86"]
[EventDate "1999.07.31"]

1.e4 e6 2.d4 d5 3.Nd2 c5 4.exd5 Qxd5 5.Ngf3 cxd4 6.Bc4 Qd6 7.O-O Nf6 8.Nb3
Nc6 9.Nbxd4 Nxd4 10.Qxd4 Bd7 11.Bf4 Qxd4 12.Nxd4 Rc8 13.Bb3 Bc5 14.Rad1 
O-O 15.Nf3 Rfd8 16.Bd6 Ne4 17.Bxc5 Nxc5 18.Bc4 Ba4 19.b3 Be8 20.Rfe1 Kf8 
21.Ne5 Rxd1 22.Rxd1 Ke7 23.f3 f6 24.Nd3 Bg6 25.Nxc5 Rxc5 26.Rd2 b5 27.Bd3 
Bxd3 28.cxd3 Kd6 29.Kf2 Rc1 30.d4 Kd5 31.Ke3 Rc3+ 32.Ke2 g5 33.g4 a5 34.
Kf2 a4 35.bxa4 bxa4 36.h3 Rc4 37.Ke3 f5 38.gxf5 exf5 39.Rg2 h6 40.f4 Rc3+ 
41.Kd2 Ra3 42.Kc1 gxf4 43.Kb2 Re3 0-1

[Event "VIII Festival A"]
[Site "Montecatini Terme ITA"]
[Date "1999.08.01"]
[Round "2"]
[White "Fabiano, Giuseppe"]
[Black "Solozhenkin, Evgeniy"]
[Result "0-1"]
[WhiteElo "2293"]
[BlackElo "2544"]
[PlyCount "86"]
[EventDate "1999.07.31"]

1.d4 Nf6 2.c4 e6 3.Nf3 b6 4.a3 Ba6 5.e3 d5 6.Nbd2 Be7 7.Bd3 O-O 8.O-O c5 
9.b3 Nc6 10.Bb2 Rc8 11.dxc5 bxc5 12.Qc2 h6 13.e4 d4 14.Rae1 Qc7 15.Re2 Bd6
16.g3 Rfe8 17.Rfe1 e5 18.Nh4 Rb8 19.Rb1 Bc8 20.Ree1 a5 21.Qd1 a4 22.bxa4 
Bg4 23.f3 Be6 24.Qe2 Na5 25.Ba1 Bd7 26.Rb5 Bxb5 27.axb5 Nd7 28.Bb2 Nb6 29.
Qd1 g6 30.Qc2 Qe7 31.Ng2 Ra8 32.f4 f6 33.f5 g5 34.Be2 Qf7 35.Qd1 Nbxc4 36.
Nxc4 Nxc4 37.Bh5 Qa7 38.Qb3 Qa4 39.Bd1 Kg7 40.Qxa4 Rxa4 41.Bxa4 Nxb2 42.
Bb3 c4 43.Ba2 d3 0-1

[Event "VIII Festival A"]
[Site "Montecatini Terme ITA"]
[Date "1999.08.01"]
[Round "2"]
[White "Farago, Ivan"]
[Black "Lagumina, Giulio"]
[Result "1-0"]
[WhiteElo "2512"]
[BlackElo "2281"]
[PlyCount "53"]
[EventDate "1999.07.31"]

1.d4 d5 2.c4 e6 3.Nf3 Nf6 4.Nc3 c6 5.e3 Nbd7 6.Qc2 Bd6 7.Bd3 O-O 8.O-O 
dxc4 9.Bxc4 a6 10.Rd1 b5 11.Be2 Qc7 12.e4 e5 13.g3 Re8 14.a3 exd4 15.Nxd4 
Bb7 16.Nf5 Be5 17.Bf3 g6 18.Nh6+ Kg7 19.Bg5 c5 20.Bg2 Nf8 21.f4 Bd4+ 22.
Rxd4 cxd4 23.Bxf6+ Kxh6 24.Qc1 Ne6 25.f5+ g5 26.fxe6 Qc5 27.b4 1-0

[Event "VIII Festival A"]
[Site "Montecatini Terme ITA"]
[Date "1999.08.01"]
[Round "2"]
[White "Godena, Michele"]
[Black "Iudicello, Giovanni"]
[Result "1-0"]
[WhiteElo "2490"]
[BlackElo "2280"]
[PlyCount "77"]
[EventDate "1999.07.31"]

1.e4 e5 2.Nf3 Nc6 3.Bb5 a6 4.Ba4 Nf6 5.O-O Be7 6.Bxc6 dxc6 7.d3 Qd6 8.Nbd2
Be6 9.Ng5 h6 10.Nxe6 Qxe6 11.Nb3 O-O-O 12.Qe2 g5 13.Be3 g4 14.f4 gxf3 15.
Qxf3 Rhg8 16.Qf5 Rg6 17.Kh1 Rdg8 18.g3 h5 19.Qxe6+ fxe6 20.Nd2 Kd7 21.Nf3 
Ng4 22.Bd2 Bf6 23.Rae1 c5 24.Bc3 Kd6 25.a4 b5 26.axb5 axb5 27.Bd2 Ra8 28.
Ra1 Rgg8 29.Rxa8 Rxa8 30.h3 Ra2 31.hxg4 hxg4 32.Nh2 Be7 33.Rb1 c4 34.dxc4 
bxc4 35.Bb4+ c5 36.Bc3 Ra8 37.Nxg4 Rh8+ 38.Kg2 Rg8 39.Rd1+ 1-0

[Event "VIII Festival A"]
[Site "Montecatini Terme ITA"]
[Date "1999.08.01"]
[Round "2"]
[White "Lanzani, Mario"]
[Black "De Poi, Paolo"]
[Result "1-0"]
[WhiteElo "2403"]
[BlackElo "2169"]
[PlyCount "109"]
[EventDate "1999.07.31"]

1.e4 c5 2.Nf3 d6 3.d4 cxd4 4.Nxd4 Nf6 5.Nc3 g6 6.Be2 Bg7 7.O-O O-O 8.Re1 
Nc6 9.Nb3 Be6 10.Bf1 d5 11.Nc5 Bg4 12.f3 d4 13.Nb5 Bc8 14.c3 b6 15.Nb3 
dxc3 16.Nxc3 Be6 17.Be3 Qxd1 18.Rexd1 Rfd8 19.Bb5 Rxd1+ 20.Rxd1 Nb4 21.Nd4
Nxa2 22.Nxa2 Bxa2 23.Ra1 Be6 24.Bc6 Rd8 25.Nxe6 fxe6 26.Rxa7 Rd1+ 27.Kf2 
Rb1 28.e5 Rxb2+ 29.Kf1 Rb1+ 30.Ke2 Rb2+ 31.Kd1 Rxg2 32.exf6 Bxf6 33.Bh6 
Kf7 34.Ra8 Bg7 35.Be8+ Kf6 36.Bd2 Kf5 37.h4 Rh2 38.Ra4 Bf6 39.Rf4+ Ke5 40.
Re4+ Kd5 41.Be1 e5 42.Bf7+ Kc6 43.Bg8 h5 44.Bf7 Rg2 45.Rc4+ Kd7 46.Rc2 Rg1
47.Rd2+ Kc7 48.Ke2 g5 49.Bf2 Rc1 50.hxg5 Bxg5 51.Rb2 h4 52.Bxb6+ Kd6 53.
Be3 h3 54.Bxc1 h2 55.Rb1 1-0

[Event "VIII Festival A"]
[Site "Montecatini Terme ITA"]
[Date "1999.08.01"]
[Round "2"]
[White "Lovati, Paolo"]
[Black "Mantovani, Renzo"]
[Result "0-1"]
[WhiteElo "2080"]
[BlackElo "2419"]
[PlyCount "72"]
[EventDate "1999.07.31"]

1.g3 d5 2.Bg2 c6 3.b3 e5 4.Bb2 Bd6 5.f4 Nd7 6.Nf3 Qe7 7.O-O Ngf6 8.fxe5 
Nxe5 9.Nh4 O-O 10.Nf5 Bxf5 11.Rxf5 g6 12.Rf1 Nh5 13.e3 f5 14.Nc3 Ng4 15.
Ne2 Be5 16.Bxe5 Nxe5 17.Rb1 Rad8 18.Qc1 Nf6 19.b4 Ne4 20.d3 Nf6 21.h3 Rfe8
22.Kh2 Nf7 23.Qb2 Qxe3 24.Nf4 Qe5 25.d4 Qd6 26.b5 Ne4 27.Bxe4 Rxe4 28.bxc6
bxc6 29.Rf2 Rde8 30.Kg2 Qf6 31.c3 Nd6 32.Qa3 R4e7 33.Nd3 Ne4 34.Rf4 Nxg3 
35.Kxg3 Re3+ 36.Rf3 Qg5+ 0-1

[Event "VIII Festival A"]
[Site "Montecatini Terme ITA"]
[Date "1999.08.01"]
[Round "2"]
[White "Mancini, Giustino"]
[Black "Estremera Panos, Sergio"]
[Result "0-1"]
[WhiteElo "2029"]
[BlackElo "2387"]
[PlyCount "68"]
[EventDate "1999.07.31"]

1.d4 Nf6 2.c4 e6 3.Nc3 Bb4 4.e3 O-O 5.Bd3 c5 6.Nf3 d5 7.O-O cxd4 8.exd4 
dxc4 9.Bxc4 b6 10.Bg5 Bb7 11.Ne5 Nc6 12.Ne2 Be7 13.Nxc6 Bxc6 14.Qb3 Nd5 
15.Bxe7 Qxe7 16.Qh3 Bb7 17.f4 Rac8 18.Bd3 g6 19.Rae1 Qf6 20.Rf2 Rc7 21.g4 
Rfc8 22.Be4 Ne7 23.Bb1 Ba6 24.f5 exf5 25.gxf5 Qg5+ 26.Rg2 Qd2 27.Qh4 Bb7 
28.fxg6 hxg6 29.Rg5 Rc1 30.Nxc1 Rxc1 31.Rxc1 Qxc1+ 32.Kf2 Qxb2+ 33.Ke3 
Qxb1 34.Re5 Nf5+ 0-1

[Event "VIII Festival A"]
[Site "Montecatini Terme ITA"]
[Date "1999.08.01"]
[Round "2"]
[White "Pizzuto, Samuele Tullio"]
[Black "Martorelli, Antonio"]
[Result "0-1"]
[WhiteElo "2133"]
[BlackElo "2322"]
[PlyCount "100"]
[EventDate "1999.07.31"]

1.e4 c5 2.Nc3 e6 3.f4 Nc6 4.Nf3 Nf6 5.d3 d5 6.Bd2 Be7 7.e5 Nd7 8.g3 f6 9.
exf6 Nxf6 10.Bg2 O-O 11.O-O d4 12.Ne4 Nxe4 13.dxe4 e5 14.f5 b5 15.g4 Bd7 
16.Qe1 b4 17.Qg3 Be8 18.g5 c4 19.Rad1 Qa5 20.Qg4 Rd8 21.f6 Bd6 22.fxg7 
Kxg7 23.Nh4 c3 24.bxc3 dxc3 25.Nf5+ Rxf5 26.exf5 cxd2 27.f6+ Kg8 28.Be4 
Bc5+ 29.Kh1 Qxa2 30.g6 hxg6 31.Bxg6 Kf8 32.Bd3 Qf7 33.Bc4 Nd4 34.Bxf7 Bc6+
35.Qg2 Kxf7 36.Rxd2 Bxg2+ 37.Kxg2 Rd6 38.h4 Rxf6 39.Rxf6+ Kxf6 40.Kh3 Nf5 
41.Kg4 Ne3+ 42.Kf3 Nf5 43.Kg4 Bd4 44.h5 a5 45.Rh2 Nh6+ 46.Kh4 a4 47.Rg2 
Nf5+ 48.Kh3 Ne3 49.Rg6+ Kf7 50.Ra6 a3 0-1

[Event "VIII Festival A"]
[Site "Montecatini Terme ITA"]
[Date "1999.08.01"]
[Round "2"]
[White "Quartararo, Pierre"]
[Black "Calzetta Ruiz, Monica"]
[Result "0-1"]
[WhiteElo "2077"]
[BlackElo "2194"]
[PlyCount "70"]
[EventDate "1999.07.31"]

1.d4 Nf6 2.c4 c5 3.d5 b5 4.cxb5 a6 5.b6 e6 6.Nc3 Nxd5 7.Nxd5 exd5 8.Qxd5 
Nc6 9.Nf3 Rb8 10.Ne5 Qf6 11.Nxc6 dxc6 12.Qf3 Be7 13.e3 Rxb6 14.Bc4 O-O 15.
Qe2 Bd6 16.O-O a5 17.a4 Rb4 18.f4 Bf5 19.Ra3 Re8 20.b3 Rb7 21.Ra2 Rbe7 22.
Qe1 Bc7 23.h3 h5 24.Re2 Qg6 25.Rf3 Qh6 26.Bb2 h4 27.Qc3 Be4 28.Rf1 Rd7 29.
Rfe1 Red8 30.Rf2 Qg6 31.Bf1 Bd5 32.Bc4 Bd6 33.Bf1 Qg3 34.Bc4 Be4 35.Bxf7+ 
Kxf7 0-1

[Event "VIII Festival A"]
[Site "Montecatini Terme ITA"]
[Date "1999.08.01"]
[Round "2"]
[White "Razuvaev, Yuri S."]
[Black "Vezzosi, Paolo"]
[Result "1-0"]
[WhiteElo "2559"]
[BlackElo "2329"]
[PlyCount "33"]
[EventDate "1999.07.31"]

1.d4 Nf6 2.Nf3 d6 3.g3 c6 4.Bg2 Bg4 5.c4 Nbd7 6.Nc3 e5 7.h3 Bh5 8.O-O Be7 
9.Nh4 exd4 10.Qxd4 Qa5 11.b3 Nc5 12.Bb2 Ne6 13.Qd2 g5 14.b4 Qxb4 15.Nf5 
Bg6 16.Nxe7 Kxe7 17.Ne4 1-0

[Event "VIII Festival A"]
[Site "Montecatini Terme ITA"]
[Date "1999.08.01"]
[Round "2"]
[White "Sarno, Spartaco"]
[Black "Bini, Lorenzo"]
[Result "1-0"]
[WhiteElo "2373"]
[BlackElo "2069"]
[PlyCount "63"]
[EventDate "1999.07.31"]

1.c4 d6 2.Nc3 f5 3.g3 Nf6 4.Bg2 c6 5.Nf3 e5 6.d3 Na6 7.O-O g6 8.Rb1 Qe7 9.
b4 Nc7 10.b5 c5 11.Ne1 Ne6 12.Nc2 Bg7 13.Ne3 O-O 14.Ned5 Nxd5 15.Nxd5 Qd8 
16.e3 Kh8 17.Bd2 Qg5 18.f4 Qd8 19.Qc2 exf4 20.gxf4 g5 21.fxg5 Qxg5 22.Rf3 
Be5 23.Bc3 f4 24.exf4 Nxf4 25.Rbf1 Nh3+ 26.Kh1 Rxf3 27.Rxf3 Qh5 28.Bxe5+ 
dxe5 29.Nf6 Qh6 30.Qe2 Be6 31.Qxe5 Ng5 32.Ne8+ 1-0

[Event "VIII Festival A"]
[Site "Montecatini Terme ITA"]
[Date "1999.08.01"]
[Round "2"]
[White "Sermek, Drazen"]
[Black "Caposciutti, Maurizio"]
[Result "1-0"]
[WhiteElo "2545"]
[BlackElo "2305"]
[PlyCount "43"]
[EventDate "1999.07.31"]

1.e4 c5 2.c3 d5 3.exd5 Qxd5 4.d4 Nf6 5.Nf3 Nc6 6.dxc5 Qxc5 7.Na3 e5 8.Be3 
Qe7 9.Bb5 Ng4 10.Qa4 Qc7 11.Nc4 Nxe3 12.Nxe3 Bd7 13.O-O-O f6 14.Nd5 Qd8 
15.Rhe1 Bd6 16.Rd2 a6 17.Bxc6 Bxc6 18.Qb3 Bc5 19.Nxe5 fxe5 20.Rxe5+ Kf8 
21.Rf5+ Ke8 22.Nf6+ 1-0

[Event "VIII Festival A"]
[Site "Montecatini Terme ITA"]
[Date "1999.08.01"]
[Round "2"]
[White "Tocchioni, Doriano"]
[Black "Naumkin, Igor"]
[Result "1/2-1/2"]
[WhiteElo "2240"]
[BlackElo "2489"]
[PlyCount "57"]
[EventDate "1999.07.31"]

1.d4 Nf6 2.Bg5 e6 3.e4 h6 4.Bxf6 Qxf6 5.Nf3 b6 6.Bd3 Bb7 7.Nbd2 d6 8.e5 
Qd8 9.O-O Nd7 10.Nc4 Be7 11.Re1 O-O 12.Qd2 Bxf3 13.gxf3 dxe5 14.Nxe5 Bd6 
15.Rad1 Nf6 16.Kh1 Nh5 17.Rg1 Qf6 18.Qe3 Qf4 19.Rg4 Qxe3 20.fxe3 c5 21.c3 
cxd4 22.cxd4 Nf6 23.Rg3 Rfc8 24.f4 Kf8 25.Kg2 Nh5 26.Rh3 Nf6 27.Rg3 Nh5 
28.Rh3 Nf6 29.Rg3 1/2-1/2

[Event "VIII Festival A"]
[Site "Montecatini Terme ITA"]
[Date "1999.08.02"]
[Round "3"]
[White "Baccaro, Franco"]
[Black "Laketic, Gojko"]
[Result "0-1"]
[WhiteElo "2198"]
[BlackElo "2418"]
[PlyCount "70"]
[EventDate "1999.07.31"]

1.c4 c6 2.g3 d5 3.Bg2 Nf6 4.Nf3 Bg4 5.Ne5 Bf5 6.O-O e6 7.b3 Nbd7 8.Bb2 Be7
9.d3 O-O 10.Nd2 Nxe5 11.Bxe5 Bg6 12.Bb2 Nd7 13.Qc2 a5 14.a3 Qb6 15.Rab1 
Rfd8 16.Nf3 Qa6 17.Ra1 b5 18.cxb5 cxb5 19.b4 Rdc8 20.Qd2 Nb6 21.Bd4 f6 22.
Rfc1 Na4 23.Bh3 Rxc1+ 24.Rxc1 e5 25.Ba1 axb4 26.axb4 Bf7 27.Nh4 Qd6 28.Nf5
Qxb4 29.Qxb4 Bxb4 30.f4 exf4 31.gxf4 Bd2 32.Rb1 b4 33.Bd4 Nc3 34.Bxc3 bxc3
35.Nd4 Be3+ 0-1

[Event "VIII Festival A"]
[Site "Montecatini Terme ITA"]
[Date "1999.08.02"]
[Round "3"]
[White "Caposciutti, Maurizio"]
[Black "Tonon, Alessandro"]
[Result "1-0"]
[WhiteElo "2305"]
[BlackElo "2173"]
[PlyCount "65"]
[EventDate "1999.07.31"]

1.e4 Nf6 2.e5 Nd5 3.d4 d6 4.c4 Nb6 5.exd6 cxd6 6.Nc3 g6 7.h3 Bg7 8.Nf3 O-O
9.Be2 Nc6 10.O-O Bf5 11.Bg5 h6 12.Be3 d5 13.c5 Nc4 14.Bc1 b6 15.b3 bxc5 
16.bxc4 cxd4 17.Nxd5 d3 18.Bxd3 Bxd3 19.Qxd3 Bxa1 20.Bxh6 Bg7 21.Bxg7 Kxg7
22.Qc3+ Kg8 23.Re1 Re8 24.Ne5 Nxe5 25.Qxe5 Rb8 26.Nxe7+ Kh7 27.Qf6 Rf8 28.
Re4 Rb1+ 29.Kh2 Qb8+ 30.g3 Rh1+ 31.Kg2 Rg1+ 32.Kf3 Qb7 33.Nd5 1-0